00620nam a2200181Ia 450000500170000000800410001702000150005808200130007310000210008624500300010725000080013726000480014530000180019350001080021194200060031995200980032599900150042320250307013755.0240331s9999 xx 000 0 und d a1932705481 bGUNa954 aGunawardena, C.A 0aEncyclopedia of Sri Lanka a2nd aNugegodabSarasavi Bookshop (Pvt) Ltdc2005 aXii, 399 p ., aIt is an A to Z guide, a comprehensive general encyclopaedia covering almost every aspect of Sri Lanka, cL 001040708LaWERCLbWERCLcSSCd2024-03-31l0o 954.93 GUNp1343r2024-03-31w2024-03-31yL c3231d3231